[Event "Girona Gerunda op"]
[Site "Girona"]
[Date "2021.07.21"]
[Round "5"]
[White "Villa Carrillo, Julio"]
[Black "Valle Luis, Liam"]
[Result "1/2-1/2"]
[WhiteElo "1752"]
[BlackElo "1557"]
[PlyCount "63"]
[EventDate "2021.07.19"]
[EventType "swiss"]
[EventRounds "9"]
[EventCountry "ESP"]
[SourceTitle "EXT 2022"]
[Source "ChessBase"]
[SourceDate "2021.10.06"]
[SourceVersion "1"]
[SourceVersionDate "2021.10.06"]
[SourceQuality "1"]

1. e4 e5 2. Nf3 Nc6 3. Bc4 Bc5 4. d3 Nf6 5. Bg5 h6 6. Bh4 g5 7. Bg3 d6 8. Nbd2 Bg4 9. 0-0 Nd4 10. c3 Nxf3+ 11. Nxf3 Qd7 12. Re1 0-0-0 13. d4 exd4 14. cxd4 Bb4 15. Re3 Rde8 16. Qb3 Ba5 17. e5 d5 18. exf6 Rxe3 19. fxe3 dxc4 20. Qxc4 Bxf3 21. gxf3 Re8 22. Be5 g4 23. f4 Rg8 24. Kf2 h5 25. Rg1 c6 26. b4 Bc7 27. Bxc7 Qxc7 28. Rc1 h4 29. b5 g3+ 30. hxg3 hxg3+ 31. Kg2 Qa5 32. Rc2 1/2-1/2

[Event "Gerunda Tardor 3rd op"]
[Site "Gerunda"]
[Date "2019.10.01"]
[Round "2.10"]
[White "Villa Carrillo, Julio"]
[Black "Gimenez Pau, Daniel"]
[Result "1-0"]
[WhiteElo "1690"]
[BlackElo "1826"]
[PlyCount "105"]
[EventDate "2019.09.24"]
[EventType "swiss"]
[EventRounds "9"]
[EventCountry "ESP"]
[SourceTitle "EXT 2024"]
[Source "ChessBase"]
[SourceDate "2023.10.10"]
[SourceVersion "1"]
[SourceVersionDate "2023.10.10"]
[SourceQuality "1"]

1. d4 d5 2. Bf4 Nf6 3. Nf3 e6 4. e3 Nbd7 5. Nbd2 c5 6. c3 Nh5 7. Bg3 Nxg3 8. hxg3 c4 9. Qa4 Bd6 10. e4 a6 11. e5 b5 12. Qc2 Bf8 13. Rxh7 Rxh7 14. Qxh7 Bb7 15. Qh5 Qa5 16. Ng5 0-0-0 17. Nxf7 b4 18. Nxd8 Kxd8 19. Qf3 bxc3 20. bxc3 Qa3 21. Be2 Bc6 22. Bd1 Kc7 23. Rb1 Qxa2 24. Qe3 Nb6 25. f4 g6 26. g4 Bh6 27. g5 Bf8 28. Qh3 Qa3 29. Qh7+ Be7 30. g4 Na4 31. Bxa4 Bxa4 32. f5 gxf5 33. gxf5 exf5 34. Qxf5 Qxc3 35. Qf4 Qc2 36. e6+ Bd6 37. Qf7+ Kd8 38. Rb8+ Bxb8 39. e7+ Kc8 40. e8Q+ Bxe8 41. Qxe8+ Kc7 42. Qe7+ Kb6 43. Qe6+ Kb5 44. Qxd5+ Kb4 45. Qc5+ Kc3 46. Qxc4+ Kb2 47. Qxc2+ Kxc2 48. g6 Bf4 49. g7 Bxd2+ 50. Ke2 Bc3 51. g8Q Bxd4 52. Qc4+ Bc3 53. Qxa6 1-0

[Event "Santa Eugenia op 13th"]
[Site "Santa Eugenia"]
[Date "2018.07.30"]
[Round "1"]
[White "Villa Carrillo, Julio"]
[Black "Rex, Torsten Claus"]
[Result "0-1"]
[WhiteElo "1482"]
[BlackElo "1910"]
[PlyCount "54"]
[EventDate "2018.07.30"]
[EventType "swiss"]
[EventRounds "9"]
[EventCountry "ESP"]
[SourceTitle "CBM 185 Extra"]
[Source "ChessBase"]
[SourceDate "2018.07.29"]
[SourceVersion "1"]
[SourceVersionDate "2018.07.29"]
[SourceQuality "1"]

1. e4 c5 2. Nf3 Nc6 3. Bc4 e6 4. Nc3 Nf6 5. d3 d5 6. exd5 exd5 7. Bb3 h6 8. Bf4 Be7 9. Ba4 Bd7 10. Bxc6 Bxc6 11. Ne5 Rc8 12. Nxc6 Rxc6 13. 0-0 0-0 14. Qf3 d4 15. Ne4 Nd5 16. Bd2 Qd7 17. a3 f5 18. Ng3 Rff6 19. Rfe1 f4 20. Ne4 Kh7 21. b3 b6 22. Re2 Bd8 23. Rae1 Bc7 24. Bc1 Rf5 25. Kh1 Qf7 26. Bb2 Ne3 27. fxe3 fxe3 0-1

[Event "Figueres Nadal op 7th"]
[Site "Figueres"]
[Date "2017.12.28"]
[Round "3"]
[White "Villa Carrillo, Julio"]
[Black "Garcia Caro, Juan Alber"]
[Result "0-1"]
[WhiteElo "1490"]
[BlackElo "1420"]
[PlyCount "84"]
[EventDate "2017.12.27"]
[EventType "swiss"]
[EventRounds "8"]
[EventCountry "ESP"]
[SourceTitle "CBM 182 Extra"]
[Source "ChessBase"]
[SourceDate "2018.02.23"]
[SourceVersion "1"]
[SourceVersionDate "2018.02.23"]
[SourceQuality "1"]

1. e4 c5 2. Nf3 d6 3. Bc4 e6 4. a3 Nc6 5. 0-0 Nf6 6. Nc3 Be7 7. Re1 d5 8. exd5 exd5 9. Be2 d4 10. Nb1 0-0 11. d3 h6 12. c3 Be6 13. cxd4 Nxd4 14. Nxd4 Qxd4 15. Nc3 Nd5 16. Nxd5 Qxd5 17. Bf3 Qd7 18. Be3 Rfd8 19. Rc1 Rac8 20. Qc2 a5 21. Be2 a4 22. Qd2 b6 23. Bf1 Bf6 24. Be2 Be5 25. Bf4 Bxf4 26. Qxf4 Qd4 27. Qxd4 Rxd4 28. Rc3 Rcd8 29. Rd1 Bb3 30. Rd2 g6 31. Kf1 f5 32. g3 Kf7 33. f4 g5 34. Bh5+ Kf6 35. fxg5+ hxg5 36. Bf3 Bc4 37. Be2 Ba6 38. Kf2 R8d6 39. Bf1 c4 40. Ke3 f4+ 41. gxf4 gxf4+ 42. Kf2 cxd3 0-1

[Event "Girona Gerunda op1st"]
[Site "Girona"]
[Date "2017.11.28"]
[Round "8"]
[White "Villa Carrillo, Julio"]
[Black "Blasco Vidal, Joan"]
[Result "1/2-1/2"]
[WhiteElo "1744"]
[BlackElo "1813"]
[PlyCount "85"]
[EventDate "2017.09.26"]
[EventType "swiss"]
[EventRounds "9"]
[EventCountry "ESP"]
[SourceTitle "EXT 2019"]
[Source "ChessBase"]
[SourceDate "2018.10.10"]
[SourceVersion "1"]
[SourceVersionDate "2018.10.10"]
[SourceQuality "1"]

1. e4 e5 2. Nf3 Nc6 3. Nc3 d6 4. d3 h6 5. Be2 Be6 6. 0-0 Be7 7. Be3 Nf6 8. a4 Ng4 9. Bd2 0-0 10. h3 Nf6 11. Be3 d5 12. exd5 Nxd5 13. Nxd5 Bxd5 14. Nh2 Nd4 15. Bxd4 exd4 16. Bf3 Bb4 17. Bxd5 Qxd5 18. Qf3 Rad8 19. Qxd5 Rxd5 20. Nf3 Re8 21. Rac1 Ba5 22. Rfd1 Re2 23. Kf1 Re7 24. c4 Rd8 25. Rb1 Bb4 26. Ne1 a5 27. Nc2 Bc5 28. Re1 Rde8 29. Rxe7 Rxe7 30. Re1 Kf8 31. Rxe7 Kxe7 32. Ke2 Ba7 33. Kf3 c5 34. Ke4 Ke6 35. g4 g6 36. f4 f5+ 37. gxf5+ gxf5+ 38. Kf3 Kf6 39. Ne1 Bb6 40. Kg3 Kg6 41. Nf3 Bc7 42. Nh4+ Kf6 43. Nf3 1/2-1/2

[Event "Girona op A"]
[Site "Girona"]
[Date "2015.05.??"]
[Round "2.8"]
[White "Llorella Costa, Fabio Ricardo"]
[Black "Villa Carrillo, Julio"]
[Result "0-1"]
[WhiteElo "1700"]
[BlackElo "1852"]
[PlyCount "76"]
[EventDate "2015.05.09"]
[EventType "tourn"]
[EventRounds "8"]
[EventCountry "ESP"]
[SourceTitle "EXT 2024"]
[Source "ChessBase"]
[SourceDate "2023.10.10"]
[SourceVersion "1"]
[SourceVersionDate "2023.10.10"]
[SourceQuality "1"]

1. e4 c5 2. Nf3 Nc6 3. d4 cxd4 4. Nxd4 d6 5. Nc3 g6 6. Be3 Bg7 7. f4 Nxd4 8. Bxd4 Bxd4 9. Qxd4 Nf6 10. 0-0-0 0-0 11. Be2 Qb6 12. Na4 Qc6 13. Nc3 Bg4 14. Bf3 Bxf3 15. gxf3 Rfd8 16. Rhg1 Rd7 17. f5 a6 18. h4 Nh5 19. Qe3 Kg7 20. Nd5 Re8 21. Rd3 Qc5 22. c3 Qxe3+ 23. Rxe3 e6 24. Nb6 Rc7 25. fxg6 hxg6 26. e5 d5 27. Rg4 Rd8 28. f4 Rc6 29. Na4 b5 30. a3 bxa4 31. Rd3 Rc4 32. Rf3 Rdc8 33. Kd2 Re4 34. Rg1 Rxf4 35. Rxf4 Nxf4 36. Rg4 Rc4 37. h5 Nxh5 38. Rxc4 dxc4 0-1

[Event "Girona op 5th"]
[Site "Girona"]
[Date "2014.07.15"]
[Round "1"]
[White "Molina Carretero, Daniel"]
[Black "Villa Carrillo, Julio"]
[Result "1-0"]
[WhiteElo "2152"]
[BlackElo "1873"]
[PlyCount "49"]
[EventDate "2014.07.15"]
[EventType "swiss"]
[EventRounds "9"]
[EventCountry "ESP"]
[SourceTitle "EXT 2016"]
[Source "ChessBase"]
[SourceDate "2015.10.08"]
[SourceVersion "1"]
[SourceVersionDate "2015.10.08"]
[SourceQuality "1"]

1. e4 c5 2. Nf3 Nc6 3. d4 cxd4 4. Nxd4 d6 5. c4 Nf6 6. Nc3 g6 7. Be2 Bg7 8. Be3 0-0 9. 0-0 Nxd4 10. Bxd4 Nd7 11. Bxg7 Kxg7 12. Qd4+ Kg8 13. Rad1 Qb6 14. Nd5 Qd8 15. f4 Nb6 16. e5 Nxd5 17. cxd5 Qb6 18. Kf2 Qxd4+ 19. Rxd4 a6 20. Rc1 Re8 21. Rc7 Rb8 22. Rb4 b5 23. a4 Rb7 24. Rxb7 Bxb7 25. Bf3 1-0

[Event "Girona op-A 4th"]
[Site "Girona"]
[Date "2013.07.21"]
[Round "7"]
[White "Villa Carrillo, Julio"]
[Black "Cano Egea, Joan Manuel"]
[Result "1/2-1/2"]
[WhiteElo "1593"]
[BlackElo "1574"]
[PlyCount "37"]
[EventDate "2013.07.15"]
[EventType "swiss"]
[EventRounds "9"]
[EventCountry "ESP"]
[SourceTitle "CBM 155 Extra"]
[Source "ChessBase"]
[SourceDate "2013.08.26"]
[SourceVersion "1"]
[SourceVersionDate "2013.08.26"]
[SourceQuality "1"]

1. e4 e5 2. Nf3 Nc6 3. Nc3 Nf6 4. d3 d6 5. Be2 Be7 6. Be3 0-0 7. 0-0 Be6 8. Ng5 d5 9. exd5 Bxd5 10. Nge4 Nxe4 11. dxe4 Be6 12. Qxd8 Rfxd8 13. a3 Nd4 14. Bd3 a6 15. Ne2 Nxe2+ 16. Bxe2 Rd7 17. Rfd1 Rad8 18. Rxd7 Rxd7 19. Rd1 1/2-1/2